000 00592nam a22002177a 4500
003 UA-OsUOA
001 70775
007 ta
008 20100915b un ||||| |||| 00| 0 ukr d
100 _aДудніков М.
090 _a82
_bД81
942 _cSA
040 _aUA-OsUOA
_bukr
_cUA-OsUOA
_dUA-OsUOA
245 _aФункції терміна "історизм" у літературознавстві
300 _aС.14-23
955 _a0
041 _aukr
080 _a82
773 0 _w70773
650 7 _a82 Література. Літературознавство
_2UDC
999 _c357052
_d357052